Introduction to the practice of fishery science

Gardado en:
Detalles Bibliográficos
Autor Principal: Royce, William F (Author)
Formato: Libro
Idioma:inglés
Publicado: San Diego Academic 1996
Edición:2a. ed
Subjects:
Tags: Engadir etiqueta
Sen Etiquetas, Sexa o primeiro en etiquetar este rexistro!

MARC

LEADER 00000nam a2200000 a 4500
001 UCN0128
003 CL-VaPUC
008 010316e19960000US |||||||||||||||||eng|d
082 0 4 |a 333.956  |b ROY  |2 21 
100 0 |a Royce, William F  |e author  |9 455407 
245 1 0 |a Introduction to the practice of fishery science 
250 |a 2a. ed 
300 |a 448 p 
942 |c BK 
945 |d 20010316 00:00:00  |a cmena 
260 |a San Diego  |b Academic  |c 1996 
650 7 |a ECONOMIA - PESCA  |2 CL-VaPUC  |9 455408 
650 7 |a PESCA - ASPECTOS ECONOMICOS  |2 CL-VaPUC  |9 455409 
650 7 |a PESCA DEPORTIVA  |2 CL-VaPUC  |9 455410 
650 0 |a Acuicultura  |9 258883 
650 7 |a PESCA COMERCIAL  |2 CL-VaPUC  |9 455411 
650 0 |a Protección del medio ambiente  |9 257626 
583 |a last modification  |c 20010316 00:00:00  |k Rodrigo Vera 
999 |c 294068  |d 294066 
952 |0 0  |1 0  |4 0  |6 333_956000000000000_ROY_1996  |7 0  |8 CCM  |9 345915  |a BIBCUR  |b BIBCUR  |d 2019-11-20  |i 3700348  |o 333.956 ROY 1996  |p 3700348  |r 2025-04-22  |w 2019-11-20  |y BK  |k RNT